U.S. National Parks by Picture - Statistics

General Stats
  • This quiz has been taken 30 times
  • The average score is 31 of 63
Answer Stats
Picture Answer % Correct
Grand Teton
84%
Arches
80%
Crater Lake
80%
Joshua Tree
80%
Sequoia
76%
Yellowstone
76%
Gateway Arch
72%
Badlands
68%
Mesa Verde
68%
Yosemite
68%
Carlsbad Caverns
64%
Denali
64%
Hawaii Volcanoes
64%
Mammoth Cave
64%
Mount Rainier
64%
White Sands
64%
Black Canyon of the Gunnison
60%
Bryce Canyon
60%
Everglades
60%
Grand Canyon
60%
Saguaro
60%
Zion
56%
Big Bend
52%
Biscayne
52%
Death Valley
52%
Great Smoky Mountains
52%
Canyonlands
48%
Glacier Bay
48%
Great Sand Dunes
48%
New River Gorge
48%
Olympic
48%
Redwood
48%
Virgin Islands
48%
Cuyahoga Valley
44%
Dry Tortugas
44%
Indiana Dunes
44%
Pinnacles
44%
Shenandoah
44%
Voyageurs
44%
Acadia
40%
Capitol Reef
40%
Congaree
40%
Isle Royale
40%
Katmai
40%
Rocky Mountain
40%
American Samoa
36%
Gates of the Arctic
36%
Glacier
36%
Guadalupe Mountains
36%
Kenai Fjords
36%
Kobuk Valley
36%
Petrified Forest
36%
Theodore Roosevelt
36%
Channel Islands
32%
Great Basin
32%
Kings Canyon
32%
Lake Clark
32%
Lassen Volcanic
32%
Haleakala
28%
Hot Springs
28%
North Cascades
28%
Wind Cave
28%
Wrangell-St. Elias
28%
No matching quizzes found
Score Distribution
Percent of People with Each Score
Percentile by Number Answered
Your Score History
You have not taken this quiz